Statistics for Cities-UNESCO Sites by Picture

Click here to take the quiz!

General Stats

  • This quiz has been taken 9 times
  • The average score is 5 of 16

Answer Stats

Answer% Correct
Paris
100%
Brasilia
75%
Pisa
75%
Quebec City
50%
Saint Petersburg
38%
Salzburg
38%
Tallinn
38%
Luang Prabang
25%
Macau
25%
Ahmedabad
13%
Odessa
13%
Paramaribo
13%
Toruń
13%
Jeddah
0%
Potosi
0%
Strasbourg
0%

Score Distribution

Percentile by Number Answered

Percent of People with Each Score

Your Score History

You have not taken this quiz